| 000 | 01176nam a22002417a 4500 | ||
|---|---|---|---|
| 005 | 20240530110623.0 | ||
| 008 | 161228s2012 ua fhk f b 000 0 ara d | ||
| 017 |
_a2011/17072 _bمصر. دار الكتب |
||
| 020 | _a9789775077097 | ||
| 040 |
_aEG-CaGPL _cEG-CaGPL |
||
| 082 | 0 | 4 |
_221 _a704.9481\ _bم م |
| 100 | 0 | _aممدوح حسن محمد على | |
| 245 | 1 | 0 |
_aمناظر الطرب و الموسيقى فى الفن الاسلامى خلال القرون السبعة الاولى من الهجرة و علاقاتها بالموروث المحلى : _bدراسة فنية مقارنة / _cتاليف ممدوح حسن محمد على |
| 250 | _aط. 1 | ||
| 260 |
_aالقاهرة : _bدار الحكمة للطباعة و النشر و التوزيع ، _c2012. |
||
| 300 |
_a288 ص. : _bايض ؛ _c24 سم. |
||
| 504 | _aيشتمل على ارجاعات ببليوجرافية | ||
| 650 | 0 | 7 |
_2qrmak _aالموسيقى القديمة |
| 650 | 0 | 7 |
_2qrmak _aالموسيقى _xتاريخ و نقد _yالعصر القديم |
| 650 | 0 | 7 |
_2qrmak _aالموسيقى فى الفن الاسلامى |
| 942 |
_2ddc _cBK |
||
| 999 |
_c63098 _d63098 |
||